Ariel Winter Filmography - Statistics

General Stats
  • This quiz has been taken 18 times
    4 since last reset
  • The average score is 27 of 93
Answer Stats
Type Year Name % Correct
TV Show 2009-2020 Modern Family
100%
TV Show 2012-2018 Sofia the First
75%
Film 2006 Bambi II
50%
Film 2026 Clash of the Thundermans
50%
TV Show 2016, 2020 Elena of Avalor
50%
Film 2008 Horton Hears a Who!
50%
Film 2006 Ice Age: The Meltdown
50%
TV Show 2007-2014, 2025 Phineas and Ferb
50%
Film 2025 Pools
50%
TV Show 2026 Sofia the First: Royal Magic
50%
TV Short 2012 Abominable Christmas
25%
Film 2009 Afro Samurai: Resurrection
25%
TV Show 2023 American Dad!
25%
TV Special 2020 A Modern Farewell
25%
Film 2012, 2013 Batman: The Dark Knight Returns
25%
TV Show 2006 Bones
25%
Short Film 2022 Bully
25%
Film 2009 Cloudy with a Chance of Meatballs
25%
Web Series 2012-2013 CollegeHumor Originals
25%
TV Show 2007 Criminal Minds
25%
TV Show 2007 Crossing Jordan
25%
Film 2006 Curious George
25%
Short Film 2010 DC Showcase: Green Arrow
25%
Short Film 2012 Dear Dracula
25%
TV Special 2016 Disneyland 60th Anniversary TV Special
25%
Film 2025 Don't Log Off
25%
Short Film 2013 Dora the Explorer and the Destiny Medallion
25%
Film 2009 Duress
25%
TV Film 2016 Elena and the Secret of Avalor
25%
TV Show 2009 ER
25%
Film 2012 Excision
25%
TV Show 2010 Extreme Makeover: Home Edition
25%
Video Game 2015 Final Fantasy Type-0 HD
25%
Film 2009 Final Fantasy VII: Advent Children
25%
Video Game 2012 Final Fantasy XIII-2
25%
TV Show 2023 Firebuds
25%
Film 2011 Fred 2: Night of the Living Fred
25%
TV Show 2005 Freddie
25%
TV Show 2008 Ghost Whisperer
25%
Film 2006 Grilled
25%
Video Game 2012 Guild Wars 2
25%
TV Show TBA Hungry
25%
Documentary 2020 I Am Burt Reynolds
25%
TV Show 2011-2015 Jake and the Never Land Pirates
25%
TV Show 2006 Jericho
25%
Film 2010 Killers
25%
Video Game 2010 Kingdom Hearts Birth by Sleep
25%
Video Game 2014 Kingdom Hearts HD 2.5 Remix
25%
Video Game 2020 Kingdom Hearts: Melody of Memory
25%
Film 2005 Kiss Kiss Bang Bang
25%
TV Show 2019 Law & Order: Special Victims Unit
25%
Film 2009 Life Is Hot in Cracktown
25%
Film 2025 Like Father Like Son
25%
TV Show 2005 Listen Up!
25%
Film 2020 Little Audrey
25%
TV Show 2016 Milo Murphy's Law
25%
TV Show 2011 Minnie's Bow-Toons
25%
Short Film 2009 Modern Family: In the Moonlight (Do Me)
25%
TV Show 2006 Monk
25%
Short Documentary 2014 Mr. Peabody & Sherman: A Journey WABAC
25%
Film 2014 Mr. Peabody & Sherman
25%
Film 2010 Nic & Tristan Go Mega Dega
25%
TV Show 2006 Nip/Tuck
25%
Film 2008 One Missed Call
25%
Film 2009 Opposite Day
25%
Film 2006 Over the Hedge
25%
Film 2012 ParaNorman
25%
TV Film 2011 Phineas and Ferb the Movie: Across the 2nd Dimension
25%
Music Video 2014 Power of Me
25%
TV Show 2014 Project Runway All Stars
25%
Podcast 2021 R.L. Stine's Story Club
25%
TV Show 2011, 2012 R. L. Stine's The Haunting Hour: The Series
25%
TV Show 2019 Robot Chicken
25%
Film 2015 Safelight
25%
Film 2013 Scooby-Doo! Stage Fright
25%
TV Show 2007 Shorty McShorts' Shorts
25%
Film 2017 Smurfs: The Lost Village
25%
Short Film 2013 Sofia & Jake: Be Who You Want to Be
25%
TV Film 2012 Sofia the First: Once Upon a Princess
25%
TV Show 2006 So NoTORIous
25%
Film 2008 Speed Racer
25%
TV Show 2023 Stars on Mars
25%
Web Series 2023 Star Trek: Lower Decks
25%
Short Film 2010 Superman/Shazam!: The Return of Black Adam
25%
Film 2013 Tad, The Lost Explorer
25%
Film 2009 Tales from the Catholic Church of Elvis!
25%
Film 2011 The Chaperone
25%
Film 2017 The Last Movie Star
25%
TV Show 2009 The Penguins of Madagascar
25%
Video Game 2022 The Quarry
25%
TV Show 2005 Tickle-U
25%
Film 2023 Tripped Up
25%
TV Show 2011 WWE Raw
25%
No matching quizzes found
Score Distribution
Percent of People with Each Score
Percentile by Number Answered
Your Score History
You have not taken this quiz since the last reset